Every Red Dead Redemption Gang Member - Statistics

General Stats
  • This quiz has been taken 33 times
  • The average score is 25 of 28
Answer Stats
Hint Answer % Correct
Senior Gun Arthur Morgan
100%
Founder Dutch Van Der Linde
100%
Senior Gun John Marston
100%
Gunman (M) Micah Bell
100%
Founder Hosea Matthews
96%
Gunman Sean MacGuire
96%
Camp Cook Simon Pearson
96%
Gunman Bill Williamson
93%
Child of Senior Gun Jack Marston
93%
Gunman Javier Escuela
93%
Gunman/Hostage Kieran Duffy
93%
Gunman Lenny Summers
93%
Debt Collector Leopold Strauss
93%
Lover of Founder Molly O'Shea
93%
Gunwoman Sadie Adler
93%
Camp Advisor Susan Grimshaw
93%
Gunman (Old) Uncle
93%
Gunwoman/Camp Maker Karen Jones
89%
Reverend Reverend Orville Swanson
89%
Gunman Charles Smith
85%
Gunwoman (Deceased) Jenny Kirk
85%
Camp Maker Tilly Jackson
85%
Camp Maker Abigail Roberts/Marston
81%
Camp Maker Mary-Beth Gaskill
81%
Gunman (Deceased) Mac Callander
78%
Gunman (Deceased) Davey Callander
74%
M's Gun (Last Train Robbery) Cleet
59%
M's Gun (Last Train Robbery) Joe
59%
No matching quizzes found
Score Distribution
Percent of People with Each Score
Percentile by Number Answered
Your Score History
You have not taken this quiz